000 00546nam a2200181Ia 4500
999 _c3728
_d3728
003 OSt
005 20201119100910.0
008 190216s9999||||xx |||||||||||||| ||und||
020 _a9788126557554
040 _coclc
082 _a547.2
_bSAN/P
100 _aSankararaman, S
_96750
245 0 _aPericyclic Reactions - A Textbook Reactions,Applications And Theory /
_c S Sankararaman
260 _bWiley India,
_c2016.
_aNew Delhi:
300 _a418p
650 _aChemistry
942 _cBK
_2ddc
_h547.2
_iSAN/P
_k547.2
_mSAN/P